Fast Typing - 1 to 35 - Statistics

General Stats
  • This quiz has been taken 147 times
    142 since last reset
  • The average score is 29 of 35
Answer Stats
Answer % Correct
1
100%
10
98%
11
98%
2
98%
3
98%
4
98%
5
98%
6
98%
7
98%
8
98%
9
98%
12
96%
13
96%
14
96%
15
96%
16
96%
17
96%
18
96%
19
91%
20
87%
21
87%
22
85%
23
80%
24
78%
25
76%
26
76%
27
72%
28
70%
29
70%
30
65%
31
59%
32
57%
33
46%
34
41%
35
37%
No matching quizzes found
Score Distribution
Percent of People with Each Score
Percentile by Number Answered
Your Score History
You have not taken this quiz since the last reset